| 000 | 00556nam a2200157 4500 | ||
|---|---|---|---|
| 082 | _aBESE-3 TAN | ||
| 100 | _aMUHAMMAD MAKSHIF TANVEER | ||
| 245 | _aBLIND GUIDE, A SMART INDOOR NAVIGATION SYSTEM FOR BLIND PEOPLE USING WIFI POSITIONING AND BLE-BEACONS | ||
| 260 |
_aISLAMABAD _bNUST-SEECS _c2016 - |
||
| 300 |
_a46p. _eCD INCLUDES |
||
| 563 | _aHB | ||
| 856 | _uhttp://10.250.8.41:8080/xmlui/handle/123456789/6809 | ||
| 942 |
_2ddc _cTHE |
||
| 999 |
_c173156 _d173156 |
||